000 00600nam a2200241Ia 4500
003 OSt
005 20220924114611.0
006 a|||||r|||| 00| 0
007 ta
008 ASM
024 _a289089
037 _cTextual
040 _aARTS
_cARTS
_bASM
041 _2ASM
_aASM
082 _aY:351.277, 158P1
100 _aLokeswar Chow
_9174479
245 0 _aAsomar loka sanskriti
260 _aBhupal
_bShow Debjit Barua India
_c2001
300 _a598p.
_ccm.
650 _aSOCIOLOGY
942 _hY:351.277, 158P1
_cTEXL
_2CC
999 _c394408
_d394408